Úrokové deriváty a ich využitie na finančnom trhu SR bakalárska práca

Enregistré dans:
Détails bibliographiques
Auteur principal: Rindošová, Mária
Collectivité auteur: Národohospodárska fakulta EU. Katedra bankovníctva a medzinárodných financií
Autres auteurs: Korduliak, Peter
Format: Livre
Langue:slovaque
Publié: Bratislava 2009
Tags: Ajouter un tag
Pas de tags, Soyez le premier à ajouter un tag!

MARC

LEADER 00000nam$a2200000$$$4500
001 0100200
005 20240319123417.7
041 0 |a slo 
044 |a SK 
245 1 0 |a Úrokové deriváty a ich využitie na finančnom trhu SR  |b bakalárska práca  |c Mária Rindošová ; škol. Peter Korduliak 
264 1 |a Bratislava  |c 2009 
300 |a 40 s. 
100 1 |a Rindošová, Mária 
700 1 |a Korduliak, Peter 
710 2 |a Národohospodárska fakulta EU. Katedra bankovníctva a medzinárodných financií